00342nam a2200133Ia 4500003000400000005001700004008004100021040000900062082001900071100002100090245004000111260004800151300000900199OSt20200702094630.0190216s9999||||xx |||||||||||||| ||und|| coclc a915.403bLAN/S aLannoy, Richard  4aThe Speaking Tree /cRichard Lannoy bOxford University Press,c1991.aNew Delhi: a466p